Statistics for Ottawa Macdonald–Cartier Int. Airport Destinations (Ottawa, Canada)

Click here to take the quiz!

General Stats

  • This quiz has been taken 23 times
    (6 since last reset)
  • The average score is 25 of 41

Answer Stats

AirlineDestination% Correct
Air Canada/Porter Airlines/WestJetCalgary
100%
United ExpressChicago (O'Hare)
100%
Flair Airlines/WestJetEdmonton
100%
Air Canada ExpressMontreal (Trudeau)
100%
Air FranceParis (Charles de Gaulle)
100%
Porter AirlinesSt. John's
100%
Air Canada Express/Porter AirlinesToronto (Billy Bishop)
100%
Air Canada/Porter Airlines/WestJetToronto (Pearson)
100%
Air Canada/Porter Airlines/WestJetVancouver
100%
United ExpressWashington (Dulles)
100%
Air Canada ExpressWashington (National)
100%
Air Canada Express/Flair Airlines/Porter AirlinesHalifax
83%
Air Canada Rouge/Porter Airlines/WestJetOrlando
83%
Flair AirlinesOrlando/Sanford
83%
Air Canada Rouge/Air Transat/Sunwing AirlinesPunta Cana
83%
Air Canada Express/Porter Airlines/WestJetWinnipeg
83%
Porter AirlinesBoston
67%
Canadian NorthIqaluit
67%
Flair AirlinesLas Vegas
67%
Air Canada Express/Porter Airlines/United ExpressNewark
67%
Air Canada ExpressQuebec City
67%
Air NorthWhitehorse
67%
Air North/Canadian NorthYellowknife
67%
Air Canada Rouge/Air Transat/Flair Airlines/Sunwing Airlines/WestJetCancun
50%
Air Canada Rouge/Flair Airlines/Porter AirlinesFort Lauderdale
50%
Porter AirlinesFredericton
50%
Porter AirlinesMoncton
50%
Porter AirlinesCharlottetown
33%
WestJetFort Myers
33%
Air Transat/Sunwing AirlinesPuerto Plata
33%
Sunwing AirlinesPuerto Vallarta
33%
Air Canada RougeTampa
33%
Porter AirlinesThunder Bay
33%
Sunwing AirlinesHolguin
17%
Sunwing Airlines/WestJetMontego Bay
17%
Sunwing AirlinesSan Jose del Cabo
17%
Air Transat/Sunwing AirlinesVaradero
17%
Air Transat/Sunwing AirlinesCayo Coco
0%
Sunwing AirlinesCayo Largo del Sur
0%
Canadian NorthRankin Inlet
0%
Air Transat/Sunwing AirlinesSanta Clara
0%

Score Distribution

Percentile by Number Answered

Percent of People with Each Score

Your Score History

You have not taken this quiz since the last reset